000 00622nam a22001811a 4500
001 11664
003 OSt
005 20260204212251.0
008 130503s2008||||dr ||||||b||||||||||spa||
050 _aRD 343.07 R299c
100 _aRepublica Dominicana
245 _aCodigo de la Republica Dominicana: modificado por la ley 479-08 sobre sociedades comerciales y empresas individuales de responsabilidad limitada, promulgada el 11 de diciembre 2008
264 _aRepública Dominicana : Is. L
300 _a338 P
500 _aIncluye bibliografia
650 _aDERECHO COMERCIAL2.CODIGO DE COMERCIOÌ
942 _2ddc
_cBK
999 _c11664
_d11664